Statistiques concernant Paroles - A fleur de toi - Vitaa

Cliquez ici pour prendre le quiz!

Statistiques générales

  • Ce quiz a été pris 1 790 fois
  • Le résultat moyen est 281 sur 325

Statistiques - réponses

Paroles% Correct
à
99%
a
99%
De
98%
de
98%
pas,
98%
pas
98%
je
97%
Je
97%
Le
97%
m'a
97%
ma
97%
ne
97%
ça
96%
ça...
96%
Ca
96%
ce
96%
comme
96%
Comme
96%
me
96%
te
96%
toi
96%
j'ai
95%
J'ai
95%
les
95%
Les
95%
mais
95%
Mais
95%
par
95%
passé
95%
si,
95%
si
95%
du
94%
la
94%
Qui
94%
qui
94%
un
94%
fait,
93%
fait
93%
jours
93%
mal
93%
passent
93%
tes
93%
Tu
93%
tu
93%
Lui,
92%
lui
92%
mes
92%
que
92%
différent
91%
es,
91%
Il
91%
il
91%
tant
91%
tien
91%
vivre,
91%
au
90%
compté
90%
compte
90%
90%
parfum
90%
propre
90%
Tout
90%
tout
90%
chaque
89%
Et
89%
et
89%
j'étais
89%
pour
89%
prisonnière
89%
an
88%
autre
88%
l'aime
88%
minute
88%
pensées
88%
qu'il
88%
Sors
88%
même
87%
Même
87%
ton
87%
demande
86%
fais,
86%
retient
86%
sauvée
86%
ivre
85%
m'as
85%
changé
84%
des
84%
n'a
84%
peux
84%
aimée
83%
bientôt
83%
numéro
83%
n'y
83%
j'en
82%
moi
82%
sais,
82%
serais
82%
veux
82%
arrive
81%
avec
81%
coeur
81%
d'adresse,
81%
goût
80%
heures
80%
laissé
80%
rien
80%
t'aime
80%
tente
80%
tenté
80%
connait
79%
défauts
79%
dit
79%
fautes
79%
ni
79%
cassés
78%
durant
78%
fête,
78%
parfois
78%
pots
78%
hais
77%
lettres
77%
mots
77%
nuit,
77%
Pire,
77%
Souvent
77%
toutes
77%
autres,
76%
consoler
76%
en
76%
fou
76%
m'aime
76%
plus
76%
temps
76%
larmes
75%
ramassé
75%
t'oublier
75%
balancé
74%
odeur
74%
profond
73%
séché
73%
semblant
73%
sent
73%
C'est
72%
J'essaye
72%
ratures
71%
semble
71%
tous
71%
vain
71%
d'avoir
70%
garde
70%
ses
70%
vrai,
70%
aimes...
69%
bras
69%
dans
69%
racheter
69%
trouvé
69%
gommer
68%
force
67%
impostures,
67%
Pourquoi
67%
pourquoi ?
67%
parfait
66%
soigner
65%
impayés,
64%
respire
64%
réglé
61%
Dis
51%
merci
49%
capitule
48%
seulement
37%
restes
27%
Car
23%
l'aimer
23%
rêves
23%
Reprends
20%
disparait
17%

Distribution des résultats

Percentile par nombre de réponses

% des personnes avec chaque résultat

Votre développement - résultats

Vous n’avez pas pris ce quiz